Which of these three was neighbor? (Record no. 18198)

000 -LEADER
fixed length control field 00489nam a22001817a 4500
003 - CONTROL NUMBER IDENTIFIER
control field OkBaRHE
005 - DATE AND TIME OF LATEST TRANSACTION
control field 20120404145601.0
008 - FIXED-LENGTH DATA ELEMENTS--GENERAL INFORMATION
fixed length control field 120404t xxu||||| |||| 00| 0 eng d
040 ## - CATALOGING SOURCE
Transcribing agency OkBaRHE
050 ## - LIBRARY OF CONGRESS CALL NUMBER
Classification number BT 378
Item number .G6 W3
100 ## - MAIN ENTRY--PERSONAL NAME
Personal name Ward, C.M.
9 (RLIN) 1117
245 ## - TITLE STATEMENT
Title Which of these three was neighbor?
260 ## - PUBLICATION, DISTRIBUTION, ETC. (IMPRINT)
Place of publication, distribution, etc Springfield, MO.
Name of publisher, distributor, etc Assemblies of God.
Date of publication, distribution, etc 1973.
300 ## - PHYSICAL DESCRIPTION
Extent 32 p.
650 ## - SUBJECT ADDED ENTRY--TOPICAL TERM
Topical term or geographic name as entry element Witness bearing.
9 (RLIN) 2329
650 ## - SUBJECT ADDED ENTRY--TOPICAL TERM
Topical term or geographic name as entry element Good Samaritan (parable).
9 (RLIN) 2330
942 ## - ADDED ENTRY ELEMENTS (KOHA)
Source of classification or shelving scheme
Koha item type Books
Copies
Lost status Damaged status Permanent Location Koha item type Full call number Shelving location Barcode Not for loan Price effective from Copy number Date acquired Date last seen Current Location Source of classification or shelving scheme Withdrawn status
  RHEMA Bible Training CollegeBooksBT 378 .G6 W3General Stacks22533 2012-04-0412012-04-042012-04-04RHEMA Bible Training College